Largest U.S. Cities in 1870 on a Map - Statistics

General Stats
  • This quiz has been taken 214 times
  • The average score is 19 of 20
Answers on the Map
Answers color-coded by a green-red scale on the quiz's map according to % correct below.
 
Answer Stats
Population City % Correct
298,977 Chicago
100%
149,473 San Francisco
100%
250,526 Boston
99%
79,577 Detroit
99%
942,292 New York City
99%
674,022 Philadelphia
99%
109,199 Washington, D.C.
99%
191,418 New Orleans
98%
310,864 St. Louis
98%
69,422 Albany
96%
267,354 Baltimore
96%
117,714 Buffalo
96%
92,829 Cleveland
95%
71,440 Milwaukee
95%
86,076 Pittsburgh
94%
216,239 Cincinnati
93%
100,753 Louisville
90%
105,059 Newark
84%
396,099 Brooklyn
75%
82,546 Jersey City
72%
No matching quizzes found
Score Distribution
Percent of People with Each Score
Percentile by Number Answered
Your Score History
You have not taken this quiz